Visualizzazione normale
Vista MARC
- Gargani Romano
di Personal Name
Records bibliografici associati: 4
001 - CONTROL NUMBER
- control field: 36806
003 - CONTROL NUMBER IDENTIFIER
- control field: IT-RoPau
005 - DATE AND TIME OF LATEST TRANSACTION
- control field: 20151125152504.0
008 - FIXED-LENGTH DATA ELEMENTS
- fixed length control field: 151125|| aca||aabn | a|a d
040 ## - CATALOGING SOURCE
- Original cataloging agency: IT-RoPau
- Transcribing agency: IT-RoPau
100 ## - HEADING--PERSONAL NAME
- Personal name: Gargani Romano
- Miscellaneous information: Codice regista SPICS: 39851
670 ## - SOURCE DATA FOUND
- Source citation: Work cat.: (IT-RoPau)104633: Gargani Romano Codice regista SPICS: 39851, LAZZARO E IL RICCO EPULONE - LAVORATORI DELLA VIGNA (I) LAZZARO E IL RICCO EPULONE - LAVORATORI DELLA VIGNA (I) (Rif. Codice opera principale : E7022)